Guía del peregrino medieval : (Record no. 192117)

MARC details
000 -LEADER
campo de control de longitud fija 01215nam a2200313 i 4500
001 - NÚMERO DE CONTROL
campo de control 192117
003 - IDENTIFICADOR DE NÚMERO DE CONTROL
campo de control ES-MaACL
005 - FECHA Y HORA DE LA ÚLTIMA TRANSACCIÓN
campo de control 20240127063016.0
008 - DATOS DE LONGITUD FIJA--INFORMACIÓN GENERAL
campo de control de longitud fija 221104s1991 sp | |||| ||spa
017 ## - NÚMERO DE COPYRIGHT O DE DEPÓSITO LEGAL
Número de copyright o de depósito legal VA 455-1989
Agencia que asigna Oficina Depósito Legal Valladolid
020 ## - NÚMERO INTERNACIONAL ESTÁNDAR DEL LIBRO
Número Internacional Estándar del Libro 8440450958
040 ## - FUENTE DE CATALOGACIÓN
Centro/agencia transcriptor ES-MaACL
080 ## - NÚMERO DE LA CLASIFICACIÓN DECIMAL UNIVERSAL
Número de la Clasificación Decimal Universal 914.4+914.60 Camino de Santiago
080 ## - NÚMERO DE LA CLASIFICACIÓN DECIMAL UNIVERSAL
Número de la Clasificación Decimal Universal 7.046.3(460)
245 00 - MENCIÓN DEL TÍTULO
Título Guía del peregrino medieval :
Resto del título ("Codex Calixtinus") /
Mención de responsabilidad, etc. introducción, traducción y notas por Millán Bravo Lozano.
250 ## - MENCION DE EDICION
Mención de edición 9ª edición: febrero 1991
260 ## - PUBLICACIÓN, DISTRIBUCIÓN, ETC.
Lugar de publicación, distribución, etc. Sahagún [León] :
Nombre del editor, distribuidor, etc. Centro de Estudios del Camino de Santiago,
Fecha de publicación, distribución, etc. 1991
300 ## - DESCRIPCIÓN FÍSICA
Extensión 166 p., [16] páginas de láminas (color) :
Otras características físicas mapas
Material acompañante/anejo 17 cm
500 ## - NOTA GENERAL
Nota general Índices
504 ## - NOTA DE BIBLIOGRAFÍA, ETC.
Nota de bibliografía, etc. Bibliografía: páginas 147-154.
650 #4 - PUNTO DE ACCESO ADICIONAL DE MATERIA--TÉRMINO DE MATERIA
Término de materia o nombre geográfico como elemento de entrada Arte religioso-
Subdivisión geográfica Camino de Santiago.
9 (RLIN) 175727
651 #4 - PUNTO DE ACCESO ADICIONAL DE MATERIA--NOMBRE GEOGRÁFICO
Nombre geográfico Camino de Santiago-
Subdivisión general Descripción.
9 (RLIN) 7931
700 1# - ENTRADA AGREGADA--NOMBRE PERSONAL
Nombre de persona Bravo Lozano, Millán.
9 (RLIN) 31491
Término indicativo de función/relación Editor literario
710 2# - ENTRADA AGREGADA--NOMBRE DE ENTIDAD CORPORATIVA
9 (RLIN) 234949
Nombre de entidad corporativa o nombre de jurisdicción como elemento de entrada Centro de Estudios del Camino de Santiago
852 4# - LOCALIZACIÓN
Ubicación ES-MaACL
Número de control de estantería N-8107
Sublocalización o colección R. 152276
Ubicación en estantería Depósito J
Donativo/Legado Donación: Editorial
itemnumber 199399
942 ## - ELEMENTOS DE ENTRADA SECUNDARIOS (KOHA)
Tipo de ítem Koha Libro impreso
Suprimir en OPAC No
Holdings
Estatus retirado Estado de pérdida Fuente del sistema de clasificación o colocación Estado de daño No para préstamo Biblioteca de origen Biblioteca actual Ubicación en estantería Fecha de adquisición Fuente de adquisición Total de préstamos Signatura topográfica completa Código de barras Visto por última vez Tipo de ítem Koha
    Clasificación decimal universal     Biblioteca del Ateneo de Madrid Biblioteca del Ateneo de Madrid Depósito J 04/11/2022 Donación   N-8107 101206390 23/02/2023 Libro impreso